000 00786nam a2200277Ia 4500
008 170203s9999 xx 000 0 und d
020 _a075340804X
050 _a0 30
050 _bG131i 2002
100 _aGaff, Jackie.
245 _aI wonder why the Sahara is cold at night, and other questions about deserts /
245 _cJackie Gaff.
260 _aDanbury, Connecticut :
260 _bGrolier,
260 _c2003
300 _a32 pages :
300 _bcolor illustrations ;
300 _c29 cm.
440 _aI wonder why series.
500 _aIncludes index.
650 _aDesert ecology --
650 _aDeserts --
650 _xJuvenile literature.
650 _xJuvenile literature.
700 _aI wonder why the Sahara is cold at night, Title.
999 _c305626
_d305626